00678 2200205 4500001002100000005001700021008004100038035002400079090001600103245012400119250001100243260008900254300002400343500002700367650002700394850001500421980001500436985000600451999001500457YOGYA-0209000002334920090227023749.0 ind  0010-020900000023349 a026bPetlQ aPETUNJUK mengelola perpustakaanbkoleksi bahan pustaka dalam bentuk foto, promosi perpustakaan dan laporan perpustakaan aCet. 1 aSemarangbBiro Organisasi dan tata laksana Pemerintah Prop. daerah Jawa Tengahc1987 a...jilbilusc32 cm aYang diterima : Jil. 5 aPerpustakaan - Koleksi aYOPDYOG(B) a02-14-2007 a1 a06A0021512